Elementary mechanics of solids (Record no. 4447)

000 -LEADER
fixed length control field 00558nam a2200217 a 4500
001 - CONTROL NUMBER
control field 4447
003 - CONTROL NUMBER IDENTIFIER
control field BD-DhUET
008 - FIXED-LENGTH DATA ELEMENTS--GENERAL INFORMATION
fixed length control field 810420t19811980nyua b 001 0 eng
020 ## - INTERNATIONAL STANDARD BOOK NUMBER
International Standard Book Number 085226819X
040 ## - CATALOGING SOURCE
Original cataloging agency DLC
Transcribing agency DLC
Modifying agency BD-DhUET
082 ## - DEWEY DECIMAL CLASSIFICATION NUMBER
Classification number 531
Item number SIN/1980
100 ## - MAIN ENTRY--PERSONAL NAME
Personal name Singh, Pashupati Nath
245 10 - TITLE STATEMENT
Title Elementary mechanics of solids
250 ## - EDITION STATEMENT
Edition statement 1st ed.
260 ## - PUBLICATION, DISTRIBUTION, ETC. (IMPRINT)
Place of publication, distribution, etc. New Delhi
Name of publisher, distributor, etc. Wiley Eastern
Date of publication, distribution, etc. 1980
300 ## - PHYSICAL DESCRIPTION
Extent xvi, 616p.
Other physical details ill.
504 ## - BIBLIOGRAPHY, ETC. NOTE
Bibliography, etc Includes bibliographies
650 #0 - SUBJECT ADDED ENTRY--TOPICAL TERM
Topical term or geographic name as entry element Mechanics of solids
700 ## - ADDED ENTRY--PERSONAL NAME
Personal name Jha, Prem Kumar
942 ## - ADDED ENTRY ELEMENTS (KOHA)
Koha item type General Book
Holdings
Koha full call number Withdrawn status Koha date last seen Location (home branch) Piece designation (barcode) Price effective from Source of classification or shelving scheme Not for loan Copy number Sublocation or collection (holding branch) Koha item type Damaged status Date acquired Lost status Koha normalized classification for sorting Shelving location
531/SIN/1980 2014-11-16Central Library, BUET592492014-11-16  1Central Library, BUETGeneral Book 2014-11-16 531_000000000000000_SIN_1980Circulation section
531/SIN/1980 2015-03-10Central Library, BUET592502015-03-10  2Central Library, BUETGeneral Book 2015-03-10 531_000000000000000_SIN_1980Circulation section
531/SIN/1980 2015-03-10Central Library, BUET592522015-03-10  3Central Library, BUETGeneral Book 2015-03-10 531_000000000000000_SIN_1980Circulation section
531/SIN/1980 2015-03-10Central Library, BUET592452015-03-10  4Central Library, BUETGeneral Book 2015-03-10 531_000000000000000_SIN_1980Circulation section
531/SIN/1980 2015-03-10Central Library, BUET592462015-03-10  5Central Library, BUETGeneral Book 2015-03-10 531_000000000000000_SIN_1980Circulation section
531/SIN/1980 2015-03-11Central Library, BUET 2015-03-11  6Central Library, BUETGeneral Book 2015-03-11 531_000000000000000_SIN_1980 
531/SIN/1980 2015-03-11Central Library, BUET592482015-03-11  7Central Library, BUETGeneral Book 2015-03-11 531_000000000000000_SIN_1980Circulation section
531/SIN/1980 2015-03-11Central Library, BUET573482015-03-11  8Central Library, BUETGeneral Book 2015-03-11 531_000000000000000_SIN_1980Circulation section
531/SIN/1980 2016-03-27Central Library, BUET553672015-03-22  9Central Library, BUETGeneral Book 2015-03-22 531_000000000000000_SIN_1980Circulation section
531/SIN/1980 2015-06-08Central Library, BUET592442015-06-08  10Central Library, BUETReading Item 2015-06-08 531_000000000000000_SIN_1980Reading section
531/SIN/1980 2015-06-08Central Library, BUET592432015-06-08  11Central Library, BUETReading Item 2015-06-08 531_000000000000000_SIN_1980Reading section